Introducción a Baroja

Guardat en:
Dades bibliogràfiques
Autor principal: Matus Romo, Eugenio (autor)
Format: Llibre
Idioma:espanyol
Publicat: Valparaíso Universitarias de Valparaíso 1972
Col·lecció:Colección Libros de Bolsillo
Matèries:
Etiquetes: Afegir etiqueta
Sense etiquetes, Sigues el primer a etiquetar aquest registre!

MARC

LEADER 00000cam a2200000 a 4500
001 UCZ5746
003 CL-VaPUC
008 951124e19720000CL |||||||||||||||||spa|d
082 0 4 |a 863.09  |b MAT  |2 21 
100 |a Matus Romo, Eugenio  |e autor  |9 545125 
245 1 0 |a Introducción a Baroja 
300 |a 188 p 
942 |c BK 
945 |d 19951124 00:00:00  |a cmena 
260 |a Valparaíso  |b Universitarias de Valparaíso  |c 1972 
600 0 7 |a BAROJA, PIO  |2 CL-VaPUC  |9 322211 
650 7 |a NOVELA ESPAÑOLA  |2 CL-VaPUC  |9 313139 
650 0 |a Literatura española  |9 306261 
650 0 |a Crítica e interpretación   |9 255042 
583 |a last modification  |c 20130321 05:47:26  |k Rodrigo Vera 
490 0 |a Colección Libros de Bolsillo 
999 |c 242036  |d 242034 
952 |0 0  |1 0  |4 0  |6 863_090000000000000_MAT_1972  |7 0  |8 A  |9 254719  |a BIBEDU  |b BIBEDU  |d 2019-11-19  |i 1576747  |o 863.09 MAT 1972  |p 1576747  |r 2019-11-19  |w 2019-11-19  |y BK  |k FIL 
952 |0 0  |1 0  |4 0  |6 863_090000000000000_MAT_1972  |7 0  |8 A  |9 254720  |a BIBEDU  |b BIBEDU  |d 2019-11-19  |i 3273946  |o 863.09 MAT 1972  |p 3273946  |r 2019-11-19  |w 2019-11-19  |y BK  |k LIT 
952 |0 0  |1 0  |4 0  |6 863_090000000000000_MAT_1972  |7 0  |8 A  |9 254721  |a BIBEDU  |b BIBEDU  |d 2019-11-19  |i 3012964  |o 863.09 MAT 1972  |p 3012964  |r 2019-11-19  |w 2019-11-19  |y BK  |k LIT 
952 |0 0  |1 0  |4 0  |6 863_090000000000000_MAT_1972  |7 0  |8 A  |9 254722  |a BIBEDU  |b BIBEDU  |d 2019-11-19  |i 4956885  |o 863.09 MAT 1972  |p 4956885  |r 2019-11-19  |w 2019-11-19  |y BK  |k LIT 
952 |0 0  |1 0  |3 erb  |4 0  |6 863_090000000000000_MAT_1972  |7 0  |8 X  |9 254723  |a FDOBUD  |b FDOBUD  |i 5107466  |o 863.09 MAT 1972  |p 5107466  |r 2019-11-19  |w 2019-11-19  |y BK_X  |z Catalogado en:20141120  |k BUD